书目信息 |
| 题名: |
民用建筑内的燃气锅炉房设计 14R106
|
|
| 作者: | ;中国建筑标准设计研究组织 编制 | |
| 分册: | ||
| 出版信息: | 北京 中国计划出版社 2014.08 |
|
| 页数: | 135页 | |
| 开本: | 19×26cm | |
| 丛书名: | 国家建筑标准设计图集 | |
| 单 册: | ||
| 中图分类: | TU206 , TK229.8-64 | |
| 科图分类: | ||
| 主题词: | 锅炉 | |
| 电子资源: | ||
| ISBN: | 7-80242-842-4 | |
| 000 | 00853nam0 2200229 450 | |
| 001 | 1561839740 | |
| 005 | 20220520082917.90 | |
| 010 | @a7-80242-842-4@dCNY68.00 | |
| 100 | @a20150424d2014 km y0chiy0120 ea | |
| 101 | 0 | @achi |
| 102 | @aCN@b110000 | |
| 200 | 1 | @a民用建筑内的燃气锅炉房设计 14R106@Amin yong jian zhu nei de ran qi guo lu fang she ji 14R106@f中国建筑标准设计研究组织编制@Fzhong guo jian zhu biao zhun she ji yan jiu zu zhi bian zhi |
| 210 | @a北京@c中国计划出版社@d2014.08 | |
| 215 | @a135页@d19×26cm | |
| 225 | 2 | @a国家建筑标准设计图集 |
| 410 | 0 | @12001 @a国家建筑标准设计图集 |
| 606 | 0 | @a锅炉 |
| 690 | @aTU206@v4 | |
| 690 | @aTK229.8-64@v4 | |
| 711 | 02 | @a中国建筑标准设计研究组织@Azhong guo jian zhu biao zhun she ji yan jiu zu zhi@4编制 |
| 801 | 0 | @aCN@b大连网信软件有限公司图书馆·11@c20150424 |
| 905 | @aZUCC@dTK229.8-64@eZ567 | |
| 民用建筑内的燃气锅炉房设计 14R106/中国建筑标准设计研究组织编制.-北京:中国计划出版社,2014.08 |
| 135页;19×26cm.-(国家建筑标准设计图集) |
| ISBN 7-80242-842-4:CNY68.00 |
| ● |
| 相关链接 |
|
|
|
正题名:民用建筑内的燃气锅炉房设计 14R106
索取号:TK229.8-64/Z567
 
预约/预借
| 序号 | 登录号 | 条形码 | 馆藏地/架位号 | 状态 | 备注 |
| 1 | 1502659 | 215026594 | 能源与建筑环境工程学院资料室/ [索取号:TK229.8-64/Z567] | 在馆 | |
| 2 | 1502660 | 215026601 | 能源与建筑环境工程学院资料室/ [索取号:TK229.8-64/Z567] | 在馆 | |
| 3 | 1502661 | 215026610 | 能源与建筑环境工程学院资料室/ [索取号:TK229.8-64/Z567] | 在馆 | |
| 4 | 496483 | 204964832 | 能源与建筑环境工程学院资料室/ [索取号:TK229.8-64/Z567] | 在馆 | |
| 5 | 496484 | 204964841 | 能源与建筑环境工程学院资料室/ [索取号:TK229.8-64/Z567] | 在馆 |